[Event "Euro Online U2300 Day 1"]
[Site "chess.com INT"]
[Date "2020.05.25"]
[Round "5"]
[White "Plaskan, Jure"]
[Black "Yeke, Serkan"]
[Result "0-1"]
[BlackTitle "FM"]
[WhiteElo "2175"]
[BlackElo "2099"]
[WhiteFideId "14605252"]
[BlackFideId "6301142"]
[EventDate "2020.05.25"]

1. e4 c5 2. Nf3 Nc6 3. d4 cxd4 4. Nxd4 Qc7 5. Nc3 e6 6. Qd3 a6 7. Nxc6 dxc6 8.
Qg3 Qxg3 9. hxg3 e5 10. Na4 Be6 11. Be3 Nf6 12. f3 Nd7 13. O-O-O b5 14. Nc3
O-O-O 15. a4 Bc5 16. Bxc5 Nxc5 17. axb5 axb5 18. Be2 h6 19. b3 Kc7 20. Kb2 f6
21. Na2 Bf7 22. Nb4 Ne6 23. c3 Nc5 24. Rxd8 Rxd8 25. Rd1 Rb8 26. Ra1 Bxb3 27.
Ra7+ Rb7 28. Ra8 Be6 29. f4 Na4+ 30. Kc2 Nb6 31. Na6+ Kd6 32. Rd8+ Bd7 33. Bh5
Ra7 34. Nb8 Kc7 35. Rg8 Ra8 36. Rxg7 Rxb8 37. Rg6 Rf8 38. Rxh6 Nc4 39. Rh7 f5
40. fxe5 Nxe5 41. Rg7 Kd6 42. Kd2 f4 43. g4 f3 44. gxf3 Rxf3 45. g5 Rh3 46. Rh7
Bg4 47. Bg6 Nxg6 0-1

[Event "Euro Online U2300 Day 1"]
[Site "chess.com INT"]
[Date "2020.05.25"]
[Round "5"]
[White "Molina, Fabrizio"]
[Black "Ryzhkov, Vjacheslav"]
[Result "0-1"]
[WhiteTitle "FM"]
[WhiteElo "2181"]
[BlackElo "2138"]
[WhiteFideId "805637"]
[BlackFideId "4198484"]
[EventDate "2020.05.25"]

1. d4 e6 2. c4 f5 3. Nc3 Nf6 4. Bg5 Bb4 5. Qb3 a5 6. a3 a4 7. Qc2 Bxc3+ 8. Qxc3
h6 9. Bxf6 Qxf6 10. Nf3 O-O 11. e3 d6 12. Be2 b6 13. O-O Bb7 14. Rac1 Nd7 15.
Rfd1 g5 16. Ne1 e5 17. dxe5 Nxe5 18. Nd3 Rad8 19. Nxe5 dxe5 20. c5 f4 21. c6
fxe3 22. f3 Bc8 23. Qxe3 Bf5 24. Bb5 Rd4 25. Bxa4 Rfd8 26. Bb3+ Kg7 27. h3 Rd3
28. Qe2 Rxb3 29. Rxd8 Qxd8 30. Qxe5+ Qf6 31. Qxc7+ Kg6 32. Qb8 Rxb2 33. c7 Rxg2+
34. Kxg2 Qb2+ 35. Kg3 Qxc1 36. Qxb6+ Kh5 37. c8=Q Bxc8 38. Qd4 Qe1+ 39. Kg2 Qe2+
40. Kg3 Qf1 41. Qa7 Qxh3+ 42. Kf2 Qh2+ 43. Kf1 Qh1+ 44. Ke2 Qg2+ 45. Ke1 Qxf3
46. a4 Bg4 47. Qe7 Qd1+ 48. Kf2 Qxa4 0-1

[Event "Euro Online U2300 Day 1"]
[Site "chess.com INT"]
[Date "2020.05.25"]
[Round "5"]
[White "Potapova, Margarita"]
[Black "Stabulnieks, Klavs"]
[Result "0-1"]
[WhiteTitle "WIM"]
[WhiteElo "2270"]
[BlackElo "2204"]
[WhiteFideId "14126869"]
[BlackFideId "11603984"]
[EventDate "2020.05.25"]

1. d4 Nf6 2. c4 g6 3. Nc3 Bg7 4. e4 d6 5. Be2 O-O 6. f4 c5 7. Nf3 Bg4 8. d5 e6
9. O-O exd5 10. cxd5 Re8 11. h3 Bxf3 12. Bxf3 Nbd7 13. a4 a6 14. Qc2 Rb8 15. a5
b5 16. axb6 Qxb6 17. Kh2 c4 18. Qa4 Nc5 19. Qxc4 Qb4 20. Qxb4 Rxb4 21. e5 dxe5
22. fxe5 Rxe5 23. d6 Rd4 24. Ra5 Nfd7 25. Ne2 Rb4 26. Bf4 Re8 27. Bg3 Rxb2 28.
Nf4 Be5 29. Bc6 Rc8 30. Nd5 Bxg3+ 31. Kxg3 Kf8 32. Nc7 Rd2 33. Bd5 f5 34. Rc1
Rxd5 35. Ne6+ Kg8 36. Re1 Ne4+ 37. Kh2 Rxa5 38. Nf4 Rc2 39. Kh1 Raa2 40. h4 Kf7
41. Rb1 h6 42. Rb7 Nc5 43. Rc7 g5 44. hxg5 hxg5 45. Nh3 Rxg2 46. Nxg5+ Kf6 47.
Rc8 Rh2+ 48. Kg1 Rag2+ 49. Kf1 Rxg5 50. Rd8 Nd3 51. Rf8+ Nxf8 52. d7 Rf2# 0-1

[Event "Euro Online U2300 Day 1"]
[Site "chess.com INT"]
[Date "2020.05.25"]
[Round "5"]
[White "Tsereteli, Kakhaber"]
[Black "Aliyev, Elnur"]
[Result "0-1"]
[WhiteElo "1990"]
[BlackElo "2148"]
[WhiteFideId "13604503"]
[BlackFideId "13402617"]
[EventDate "2020.05.25"]

1. e4 c5 2. Nc3 Nc6 3. g3 Nf6 4. Bg2 h5 5. h3 d6 6. f4 e6 7. Nf3 d5 8. exd5 Nxd5
9. O-O Nxc3 10. bxc3 g6 11. Kh2 Bg7 12. Rb1 O-O 13. Bb2 b6 14. Ne5 Nxe5 15. Bxa8
Ba6 16. Bg2 Bxf1 17. Qxf1 Nd7 18. d4 Qc7 19. Qf2 Rc8 20. d5 exd5 21. Bxd5 Nf6
22. Bg2 Re8 23. Re1 Rxe1 24. Qxe1 h4 25. Bf3 hxg3+ 26. Kxg3 Qd6 27. h4 Kh7 28.
Bc1 Ng8 29. h5 Nh6 30. Be4 f5 31. Bf3 g5 32. Qe8 g4 33. Bg2 Qd1 34. Qg6+ Kh8 35.
Qe8+ Ng8 36. Qe3 Qxc2 37. Bd2 Nf6 38. c4 Nxh5+ 39. Kh4 Nf6 40. Bd5 Qd1 41. Kg3
Kh7 42. Bf7 Qxd2 43. Qxd2 Ne4+ 44. Kh4 Nxd2 45. Kg5 g3 46. Bd5 Nxc4 47. Kxf5
Ne3+ 0-1

[Event "Euro Online U2300 Day 1"]
[Site "chess.com INT"]
[Date "2020.05.25"]
[Round "5"]
[White "Shishkov, Minko"]
[Black "Kuhn, Clement"]
[Result "1-0"]
[BlackTitle "CM"]
[WhiteElo "2268"]
[BlackElo "2150"]
[WhiteFideId "2904624"]
[BlackFideId "36099775"]
[EventDate "2020.05.25"]

1. c4 c5 2. Nc3 Nc6 3. g3 g6 4. Bg2 Bg7 5. d3 e5 6. Nf3 Nge7 7. Nd2 d6 8. Nf1
O-O 9. Ne3 Be6 10. Rb1 f5 11. Ned5 Qd7 12. Bd2 Bxd5 13. Nxd5 Nxd5 14. Bxd5+ Kh8
15. b4 Rab8 16. bxc5 dxc5 17. O-O f4 18. Bc3 Nd4 19. Bxd4 exd4 20. Kg2 h5 21.
Bf3 b6 22. a4 Qf5 23. Rb5 fxg3 24. hxg3 Be5 25. Rh1 Qg5 26. Rh4 Kg7 27. a5 Rf4
28. Rxf4 Bxf4 29. axb6 axb6 30. Qh1 Bd6 31. Qh3 Qe7 32. Rb1 Kh6 33. Ra1 b5 34.
cxb5 Rxb5 35. Ra8 Be5 36. Be4 Rb2 37. Ra6 Bd6 38. Qc8 Rxe2 39. Qc6 Qf6 40. Bf3
Re6 41. Qd5 h4 42. gxh4 Qf5 43. Rxd6 Rxd6 44. Qxd6 Qxd3 45. Qxc5 Qd2 46. Qf8+
Kh7 47. Be4 Qh6 48. Qf7+ Qg7 49. Bxg6+ Kh6 50. Qxg7+ Kxg7 51. Bd3 Kh6 52. Kg3
Kh5 53. f4 Kh6 54. Kg4 Kg7 55. Kg5 Kf7 56. h5 Kg7 57. h6+ Kh8 58. Kf5 Kg8 59.
Ke5 Kf8 60. Kxd4 Kg8 61. Ke5 Kf8 62. Bc4 Ke7 63. h7 Kd7 64. h8=Q Kc6 65. Bd5+
Kc5 66. Qc8+ Kb4 67. Qc4+ Ka3 68. Qb3# 1-0

[Event "Euro Online U2300 Day 1"]
[Site "chess.com INT"]
[Date "2020.05.25"]
[Round "5"]
[White "Makropoulou, Marina"]
[Black "Chalus, Karel"]
[Result "0-1"]
[WhiteTitle "WGM"]
[WhiteElo "2173"]
[BlackElo "2044"]
[WhiteFideId "4200187"]
[BlackFideId "311723"]
[EventDate "2020.05.25"]

1. e4 c5 2. Nf3 d6 3. d4 cxd4 4. Nxd4 Nf6 5. Nc3 a6 6. a4 e5 7. Nf3 Be7 8. Bg5
Be6 9. Bxf6 Bxf6 10. Nd5 Bxd5 11. Qxd5 Qc7 12. Bc4 O-O 13. O-O Nd7 14. a5 Rac8
15. Bb3 Nc5 16. Rfd1 Rfd8 17. c3 Ne6 18. g3 b5 19. Qd2 Nc5 20. Bd5 h6 21. h4 Qd7
22. Kg2 Rc7 23. Qe3 Qc8 24. Nh2 Ne6 25. Qf3 Nf8 26. Ng4 Nh7 27. Rd3 Rdd7 28. Ne3
g6 29. Qg4 Nf8 30. h5 Rd8 31. hxg6 Qxg4 32. Nxg4 Bg5 33. gxf7+ Kg7 34. Rf1 Ng6
35. Rfd1 Ne7 36. Ba2 Rc6 37. Nh2 Nc8 38. Rf1 Rd7 39. f4 exf4 40. gxf4 Bf6 41. e5
Bh4 42. e6 Re7 43. Nf3 Bf6 44. Rfd1 Rc5 0-1

[Event "Euro Online U2300 Day 1"]
[Site "chess.com INT"]
[Date "2020.05.25"]
[Round "5"]
[White "Kelly, Ladislau-Endre"]
[Black "Oleynik, Alexander"]
[Result "0-1"]
[WhiteElo "2180"]
[BlackElo "2249"]
[WhiteFideId "1214705"]
[BlackFideId "14110113"]
[EventDate "2020.05.25"]

1. e4 c5 2. Nc3 a6 3. f4 b5 4. Nf3 b4 5. Ne2 Bb7 6. d3 e6 7. g3 Nf6 8. Bg2 d5 9.
e5 Nfd7 10. O-O Nc6 11. a3 a5 12. axb4 axb4 13. Rxa8 Qxa8 14. c3 Be7 15. d4 O-O
16. Qe1 bxc3 17. bxc3 cxd4 18. cxd4 Ba6 19. Rf2 Nb4 20. Qd2 Rc8 21. Ba3 Qb7 22.
Ne1 Qb5 23. Bf1 Qa4 24. Rf3 Nc6 25. Bxe7 Nxe7 26. g4 Nb6 27. f5 Qa1 28. fxe6
fxe6 29. Nf4 Bxf1 30. Rxf1 Nc4 31. Qf2 Rf8 32. Nf3 Qa6 33. Ng5 Ng6 34. Ngxe6 Rf7
35. Nxg6 Qxe6 36. Qxf7+ Qxf7 37. Rxf7 Kxf7 38. Nf4 Ne3 39. h3 g5 40. Ne2 Ke6 41.
Kf2 Nd1+ 42. Kf3 h6 43. Ng3 Nc3 44. Nf5 Nb5 45. Ke3 h5 46. Ng7+ Kf7 47. Nxh5 Kg6
48. Ng3 Nc7 49. Nf5 Kf7 50. h4 gxh4 51. Nxh4 Kg7 52. Nf3 Kg6 53. Kf4 Ne6+ 54.
Ke3 Kh6 55. Ne1 Kg5 56. Nd3 Kxg4 57. Nb4 Nc7 58. Kd3 Kf5 59. Nc6 Ke6 60. Kc3 Kd7
61. Nb4 Ke6 62. Kd3 Kd7 63. Na6 Nxa6 64. Kc3 Kc6 65. Kd3 Nc7 66. Ke3 Ne6 67. Kd3
Kb5 68. Kc3 Ka4 69. Kc2 Kb4 0-1

[Event "Euro Online U2300 Day 1"]
[Site "chess.com INT"]
[Date "2020.05.25"]
[Round "5"]
[White "Mkrtchyan, Mariam"]
[Black "Jusic, Zdenko"]
[Result "1/2-1/2"]
[WhiteTitle "WFM"]
[BlackTitle "IM"]
[WhiteElo "2071"]
[BlackElo "2254"]
[WhiteFideId "13310828"]
[BlackFideId "14501902"]
[EventDate "2020.05.25"]

1. d4 g6 2. Nf3 Bg7 3. g3 Nf6 4. Bg2 d6 5. c4 O-O 6. O-O Nbd7 7. Nc3 e5 8. e4 a6
9. h3 b5 10. cxb5 axb5 11. Re1 b4 12. Nd5 Nxd5 13. exd5 h6 14. dxe5 dxe5 15. Be3
Ra5 16. Qd2 Nf6 17. Nxe5 Rxd5 18. Bxd5 Qxd5 19. Bxh6 Bxh6 20. Qxh6 Bb7 21. f3
Re8 22. Qf4 Nh5 23. Qg5 Qd4+ 24. Qe3 Qxb2 25. Rab1 Qxa2 26. Rxb4 Bd5 27. g4 Ng7
28. Qf2 Qa5 29. Rbb1 Ne6 30. Nd7 Qc3 31. Rbc1 Qg7 32. Rcd1 c6 33. Qg3 g5 34. Qe5
Qxe5 35. Rxe5 Kg7 36. Kf2 f6 37. Ree1 Kf7 38. Nb6 Rd8 39. Nxd5 cxd5 40. Ra1 Rd7
41. Ra6 Nf4 42. Kg3 d4 43. Rea1 Re7 44. Ra7 d3 45. Rxe7+ Kxe7 46. h4 Ne2+ 47.
Kh3 Nc3 48. Ra7+ Ke6 49. Ra6+ Ke5 50. Ra5+ Kd4 51. hxg5 fxg5 52. Kg3 d2 53. Ra1
Ne2+ 54. Kf2 Nc1 55. Ra8 d1=N+ 56. Kg3 Ne2+ 57. Kg2 Nf4+ 58. Kf1 Ke3 59. Ra3+
Nd3 60. Ra5 Kxf3 61. Rxg5 Ne3+ 62. Kg1 Nf4 63. Rf5 Kxg4 64. Rxf4+ Kxf4 1/2-1/2

[Event "Euro Online U2300 Day 1"]
[Site "chess.com INT"]
[Date "2020.05.25"]
[Round "5"]
[White "Staub, Ludovic"]
[Black "Sedina, Elena"]
[Result "0-1"]
[BlackTitle "IM"]
[WhiteElo "2105"]
[BlackElo "2299"]
[WhiteFideId "1310879"]
[BlackFideId "812153"]
[EventDate "2020.05.25"]

1. d4 d5 2. g3 Nf6 3. Bg2 c6 4. Nf3 Bf5 5. O-O e6 6. b3 Nbd7 7. Bb2 Bd6 8. Ne5
O-O 9. e3 Qe7 10. c4 Rfd8 11. Nd2 Bxe5 12. dxe5 Ng4 13. Nf3 dxc4 14. bxc4 Ndxe5
15. Qb3 Nxf3+ 16. Bxf3 Rd3 17. Qa4 a6 18. Rfd1 Rad8 19. Bd4 Ra3 20. Bc5 Rxd1+
21. Rxd1 Rxa4 22. Bxe7 f6 23. Rd8+ Kf7 24. Rd7 Ne5 25. Bh5+ g6 26. Rxb7 gxh5 27.
Bb4+ Kg6 28. f4 Nxc4 29. Bf8 Be4 30. Rg7+ Kf5 31. Rxh7 Bf3 32. Kf2 Bg4 33. a3
Nxa3 34. h3 Bd1 35. Rd7 Bb3 36. Kf3 Bd5+ 37. Kf2 Nc4 38. Rg7 Ra2+ 39. Ke1 Nxe3
40. g4+ hxg4 41. hxg4+ Nxg4 42. Bd6 Ne3 43. Bc5 Ke4 44. Rg3 Nf5 45. Rh3 Kxf4 46.
Bb6 a5 47. Bc7+ e5 48. Bb6 a4 49. Rc3 Nd4 0-1

[Event "Euro Online U2300 Day 1"]
[Site "chess.com INT"]
[Date "2020.05.25"]
[Round "5"]
[White "Lahav, Michal"]
[Black "Ulyankin, Igor"]
[Result "1-0"]
[WhiteTitle "WIM"]
[WhiteElo "2219"]
[BlackElo "1936"]
[WhiteFideId "2813742"]
[BlackFideId "24109169"]
[EventDate "2020.05.25"]

1. e4 c5 2. Nf3 Nf6 3. e5 Nd5 4. Nc3 e6 5. Bc4 Nb6 6. Be2 Nc6 7. d3 d6 8. Bg5
Be7 9. Bxe7 Qxe7 10. exd6 Qxd6 11. Qd2 O-O 12. Qg5 Nd5 13. Ne4 Qc7 14. O-O b6
15. Rfe1 Bb7 16. a3 Rac8 17. c4 Nf4 18. Nf6+ Kh8 19. Nxh7 Nxe2+ 20. Rxe2 Kxh7
21. Qh5+ Kg8 22. Ng5 Rfd8 23. Qh7+ Kf8 24. Qh8+ Ke7 25. Qxg7 Qd7 26. Qxf7+ Kd6
27. Rxe6+ Qxe6 28. Qxe6+ Kc7 29. Qf7+ Kb8 30. Ne6 Rg8 31. Qf4+ Ka8 32. Nc7+ Rxc7
33. Qxc7 Nd4 34. g3 Nf3+ 35. Kf1 Nxh2+ 36. Ke2 Nf3 37. Qf7 Rd8 38. Qxf3 Bxf3+
39. Kxf3 Rxd3+ 40. Kg4 Rd2 41. f4 Kb7 42. b4 Rd4 43. bxc5 Rxc4 44. cxb6 Kxb6 45.
Kg5 Kc6 46. Rd1 Rc3 47. g4 a5 48. f5 Rg3 49. a4 Rf3 50. f6 Kc7 51. Kg6 Rf4 52.
g5 Kc6 53. f7 Kc5 54. Kg7 1-0

[Event "Euro Online U2300 Day 1"]
[Site "chess.com INT"]
[Date "2020.05.25"]
[Round "5"]
[White "Iustin, Silviu"]
[Black "Frisk, Ellinor"]
[Result "1-0"]
[BlackTitle "WIM"]
[WhiteElo "1998"]
[BlackElo "2176"]
[WhiteFideId "1237071"]
[BlackFideId "1708481"]
[EventDate "2020.05.25"]

1. e4 c5 2. Nf3 Nc6 3. d4 cxd4 4. Nxd4 e5 5. Nb5 d6 6. N1c3 a6 7. Na3 b5 8. Nd5
Nce7 9. c4 Nxd5 10. cxd5 f5 11. exf5 Bxf5 12. Bd3 Qd7 13. O-O Nf6 14. Bxf5 Qxf5
15. Nc2 Be7 16. Ne3 Qd7 17. a4 O-O 18. Qb3 Rfb8 19. axb5 Qxb5 20. Qxb5 Rxb5 21.
Rd1 a5 22. Bd2 Nxd5 23. Nxd5 Rxd5 24. Bc3 Rxd1+ 25. Rxd1 Kf7 26. f3 Ke6 27. f4
Bf6 28. Kf2 exf4 29. Bxf6 gxf6 30. Kf3 Rb8 31. Ra1 Rxb2 32. Rxa5 d5 33. Ra7 Kf5
34. Rxh7 Rb3+ 35. Kf2 d4 36. Rd7 d3 37. Kf3 Ra3 38. Rd5+ Ke6 39. Rd4 Ke5 40.
Re4+ Kd5 41. Rxf4 Ra2 42. Rxf6 Kc4 43. Rd6 Kc3 44. h4 Ra4 45. h5 d2 46. Ke2 Re4+
47. Kf2 Kc2 48. Kf3 Re5 49. g4 d1=Q+ 50. Rxd1 Kxd1 51. h6 Kd2 52. h7 Re3+ 53.
Kg2 Re8 54. g5 Ke3 55. g6 Kf4 56. g7 Re2+ 57. Kf1 Rh2 58. g8=Q Kf3 59. Qf7+ 1-0

[Event "Euro Online U2300 Day 1"]
[Site "chess.com INT"]
[Date "2020.05.25"]
[Round "5"]
[White "Gevorgyan, Albert"]
[Black "Werle, Iozefina"]
[Result "0-1"]
[BlackTitle "WGM"]
[WhiteElo "2170"]
[BlackElo "2300"]
[WhiteFideId "13309951"]
[BlackFideId "1213261"]
[EventDate "2020.05.25"]

1. Nf3 Nf6 2. c4 e6 3. g3 c5 4. Bg2 Nc6 5. O-O Be7 6. b3 O-O 7. Bb2 d6 8. e3 a6
9. Qe2 Rb8 10. Rd1 b5 11. d4 cxd4 12. exd4 bxc4 13. bxc4 Qb6 14. Bc3 Na5 15.
Nbd2 Bd7 16. Rab1 Qc7 17. Ng5 h6 18. Nge4 Rbc8 19. Bxa5 Qxa5 20. Rb7 Qd8 21.
Nxf6+ Bxf6 22. Ne4 Bc6 23. Nxf6+ Qxf6 24. Rb6 Bxg2 25. Kxg2 Qe7 26. d5 Qc7 27.
Rc6 Qd7 28. Rxa6 Rfe8 29. Qd3 e5 30. Rb6 e4 31. Qe2 Qa4 32. Rd4 Qa7 33. Qb2 Qd7
34. Rb3 Qg4 35. Re3 f5 36. Qe2 Qg6 37. f3 Qf6 38. Qd2 Ra8 39. a3 Rab8 40. Kh3
Rb1 41. fxe4 fxe4 42. Rdxe4 Rxe4 43. Rxe4 Qf5+ 44. Rg4 h5 45. Qf4 Qxg4+ 46. Qxg4
hxg4+ 47. Kxg4 Rc1 48. Kf5 Rxc4 49. Ke6 Kf8 50. Kxd6 Ke8 51. h4 Ra4 52. Kc7 Rxa3
53. d6 Rc3+ 54. Kb6 Kd7 55. g4 Rg3 56. h5 Rxg4 0-1

[Event "Euro Online U2300 Day 1"]
[Site "chess.com INT"]
[Date "2020.05.25"]
[Round "5"]
[White "Skreno, Vladimir"]
[Black "Vardanyan, Aras"]
[Result "0-1"]
[WhiteElo "2119"]
[BlackElo "2178"]
[WhiteFideId "14902893"]
[BlackFideId "12808792"]
[EventDate "2020.05.25"]

1. d4 Nf6 2. Nf3 g6 3. c4 c5 4. Nc3 cxd4 5. Nxd4 Bg7 6. e4 Nc6 7. Be3 O-O 8. Be2
d6 9. O-O Bd7 10. Rc1 Nxd4 11. Bxd4 Bc6 12. f3 a5 13. b3 Nd7 14. Be3 Nc5 15. a4
Qb6 16. Nb5 Bxb5 17. axb5 Rfc8 18. Rb1 Qc7 19. Qd2 a4 20. b4 Ne6 21. Rfc1 a3 22.
Rc2 Bb2 23. Rcxb2 axb2 24. Qxb2 Ra4 25. Bd1 Raa8 26. Bb3 Nf8 27. Bd4 Nd7 28. Qf2
e5 29. Be3 Ra3 30. Qb2 Rca8 31. h3 Nb6 32. c5 Nc4 33. Qf2 Nxe3 34. Qxe3 Ra1 35.
Rxa1 Rxa1+ 36. Kh2 dxc5 37. bxc5 Ra5 38. Bc4 Kg7 39. Qc3 Ra8 40. Bd5 Rc8 41. c6
bxc6 42. bxc6 h5 43. f4 f6 44. f5 g5 45. Qc5 Ra8 46. Qb4 Ra1 47. Qb2 Qa7 48.
Qb7+ Qxb7 49. cxb7 Rb1 50. Kg3 Kf8 51. Kf3 Ke7 52. Ke3 Kd6 53. Kf3 Kc7 54. Ke3
Rg1 55. Kf2 Rd1 56. Ke2 Rd4 57. Ke3 h4 58. Kf3 Rxd5 59. exd5 Kxb7 0-1

[Event "Euro Online U2300 Day 1"]
[Site "chess.com INT"]
[Date "2020.05.25"]
[Round "5"]
[White "Kresz, Adam"]
[Black "Vujacic, Igor"]
[Result "0-1"]
[BlackTitle "CM"]
[WhiteElo "2138"]
[BlackElo "2207"]
[WhiteFideId "794422"]
[BlackFideId "932620"]
[EventDate "2020.05.25"]

1. e4 c5 2. Nf3 a6 3. c4 Nc6 4. d4 cxd4 5. Nxd4 d6 6. Nc3 Nf6 7. f3 g6 8. Be3
Bg7 9. Qd2 Nxd4 10. Bxd4 O-O 11. Bd3 Qa5 12. O-O Be6 13. Qf2 Nd7 14. Bxg7 Kxg7
15. Qd4+ Qe5 16. Ne2 Nc5 17. Rfd1 Rfc8 18. b3 Nxd3 19. Rxd3 b5 20. cxb5 axb5 21.
f4 Qxd4+ 22. Nxd4 Bd7 23. Kf2 e5 24. fxe5 dxe5 25. Nf3 Rc2+ 26. Kg3 Be6 27. Nxe5
Raxa2 28. Rxa2 Rxa2 29. Nc6 Re2 30. Kf3 Rb2 31. Nd4 b4 32. h3 Kf6 33. g4 Ke5 34.
Nc6+ Kf6 35. Nxb4 Bxb3 36. Nc6 Bc4 37. Rd6+ Kg5 38. Rd4 Rb3+ 39. Kg2 Be6 40. Rd6
Kh4 41. Nd4 Rg3+ 42. Kf2 Rxh3 43. Nxe6 fxe6 44. Rxe6 Kxg4 45. Rf6 Ra3 46. e5 Ra5
47. Rf7 h5 48. e6 Re5 49. e7 g5 50. Kg2 h4 51. Kh2 Re2+ 52. Kg1 Kg3 53. Kf1 Re5
54. Rf6 Rxe7 55. Rg6 g4 56. Rf6 Re3 57. Rf2 h3 58. Ra2 Rb3 59. Rc2 Rb1+ 60. Ke2
h2 0-1

[Event "Euro Online U2300 Day 1"]
[Site "chess.com INT"]
[Date "2020.05.25"]
[Round "5"]
[White "Gallasch, Jonas"]
[Black "Malynovskyi, Rostyslav"]
[Result "1-0"]
[BlackTitle "FM"]
[WhiteElo "2090"]
[BlackElo "2174"]
[WhiteFideId "16222474"]
[BlackFideId "14150883"]
[EventDate "2020.05.25"]

1. d4 Nf6 2. c4 g6 3. Nc3 d5 4. Nf3 Bg7 5. Qb3 dxc4 6. Qxc4 O-O 7. e4 c6 8. Be2
b5 9. Qb3 Be6 10. Qc2 Na6 11. O-O Nb4 12. Qd1 a5 13. Ng5 Bd7 14. a3 Na6 15. e5
Nd5 16. Nxd5 cxd5 17. Be3 h6 18. Nf3 Qb6 19. Qd2 Kh7 20. Bd3 Rac8 21. h4 h5 22.
Ng5+ Kg8 23. Qe2 Nc7 24. Rfc1 b4 25. Rc5 Ne6 26. Rxd5 Bc6 27. Nxe6 Bxd5 28. Nxf8
Bxf8 29. axb4 Qxb4 30. Qd2 Qb7 31. Rxa5 Rd8 32. Ba6 Qc6 33. Bf1 e6 34. b4 Rb8
35. b5 Qc7 36. Ra1 Qb7 37. Rc1 Qa7 38. Qc3 Be7 39. g3 Bd8 40. Qc2 Bb6 41. Bg5
Bxd4 42. Bf6 Kh7 43. Bg2 Bxg2 44. Kxg2 Qb7+ 45. Qc6 Qa7 46. Qc7 Qa8+ 47. Rc6 Rb7
48. Qc8 Rb8 49. Qd7 Rb7 50. Rc8 Rb8+ 51. Rc6 Rb7 52. Qxd4 Rxb5 53. Qe4 Rb6 54.
Rc4 Qa5 55. Rc8 1-0

[Event "Euro Online U2300 Day 1"]
[Site "chess.com INT"]
[Date "2020.05.25"]
[Round "5"]
[White "Kashtanov, Ruslan"]
[Black "Zubcu, Vlad-George"]
[Result "1/2-1/2"]
[WhiteTitle "IM"]
[WhiteElo "2376"]
[BlackElo "2199"]
[WhiteFideId "4124871"]
[BlackFideId "1219715"]
[EventDate "2020.05.25"]

1. Nf3 d5 2. d4 Nf6 3. c4 c6 4. Qb3 dxc4 5. Qxc4 b5 6. Qc2 e6 7. e4 Bb4+ 8. Nc3
Nbd7 9. Bd3 e5 10. Nxe5 Nxe5 11. dxe5 Ng4 12. Bf4 Qe7 13. O-O O-O 14. a3 Bc5 15.
Rac1 Nxe5 16. Bxb5 Bd6 17. Be2 Nf3+ 18. Bxf3 Bxf4 19. Rcd1 Be6 20. Ne2 Be5 21.
Nd4 Rac8 22. g3 Rfd8 23. Nxe6 Qxe6 24. b3 Qe7 25. a4 c5 26. Be2 Bd4 27. Bc4 h5
28. Kg2 h4 29. Qe2 Rd6 30. Rd3 Re8 31. Rf3 Rf6 32. Re1 g5 33. gxh4 gxh4 34. Kh1
Qxe4 35. Qxe4 Rxe4 36. Rxe4 Rxf3 37. Re7 Rxf2 38. Rxa7 h3 39. a5 Kh8 40. Rxf7
Rg2 41. Rf1 Ra2 42. a6 Be5 43. Rf5 Ra1+ 44. Bf1 Kg7 45. a7 Bd4 46. Rf3 Rxa7 47.
Rxh3 Rf7 48. Bc4 Rf2 49. Rg3+ Kf6 50. Rg8 Ke7 51. Rb8 Rxh2+ 52. Kxh2 Be5+ 53.
Kg2 Bxb8 54. Kf3 Kd6 55. Ke4 Bc7 56. Kf5 Bb8 57. Ke4 Bc7 58. Kf5 Bb8 59. Ke4 1/2-1/2

[Event "Euro Online U2300 Day 1"]
[Site "chess.com INT"]
[Date "2020.05.25"]
[Round "5"]
[White "Bluebaum, Johanna"]
[Black "Villa Izquierdo, Roberto"]
[Result "1-0"]
[WhiteElo "2011"]
[BlackElo "1962"]
[WhiteFideId "24647373"]
[BlackFideId "2218216"]
[EventDate "2020.05.25"]

1. d4 Nf6 2. c4 b6 3. Nc3 Bb7 4. Qc2 e6 5. e4 Bb4 6. Bd3 d5 7. cxd5 exd5 8. e5
Nfd7 9. Ne2 c5 10. O-O c4 11. Bf5 g6 12. Bh3 Be7 13. Nf4 Nf8 14. g3 g5 15. Nh5
Ne6 16. Bxe6 fxe6 17. f4 Nc6 18. Be3 Nb4 19. Qd1 Qd7 20. fxg5 O-O-O 21. Nf6 Qc6
22. a3 Nd3 23. Qh5 Nxe5 24. Bf4 Nd3 25. Nxh7 e5 26. Be3 Bc5 27. Qg4+ Kb8 28. Rf6
Qc7 29. g6 exd4 30. Bxd4 Rde8 31. Nb5 Qe5 32. Raf1 a6 33. Kh1 Qe4+ 34. Qxe4 dxe4
35. Bxc5 bxc5 36. Nd6 e3+ 37. Nxb7 Kxb7 38. Rf7+ Kb6 39. g7 Rhg8 40. Nf6 e2 41.
Rg1 e1=Q 42. Rxe1 Rxe1+ 43. Kg2 Ree8 44. Nxe8 Rxe8 45. Rf8 Re2+ 46. Kh3 Nf2+ 47.
Kh4 Re4+ 48. Kh5 Re5+ 49. Kg6 Ne4 50. g8=Q Rg5+ 51. Kh6 Rxg8 52. Rxg8 Kb5 53. g4
Nf6 54. Rg6 Ne4 55. Re6 Nf2 56. g5 Nh3 57. g6 Nf4 58. Rf6 Nxg6 59. Kxg6 c3 60.
bxc3 1-0

[Event "Euro Online U2300 Day 1"]
[Site "chess.com INT"]
[Date "2020.05.25"]
[Round "5"]
[White "Korneevets, Alexander"]
[Black "Tymrakiewicz, Rafal"]
[Result "1-0"]
[WhiteTitle "IM"]
[BlackTitle "FM"]
[WhiteElo "2267"]
[BlackElo "2253"]
[WhiteFideId "13500180"]
[BlackFideId "1108832"]
[EventDate "2020.05.25"]

1. e4 Nf6 2. Nc3 d5 3. e5 Ne4 4. Nxe4 dxe4 5. d4 exd3 6. Qxd3 Qxd3 7. Bxd3 Nc6
8. f4 Nb4 9. Be4 f5 10. exf6 exf6 11. a3 f5 12. axb4 fxe4 13. c3 Be6 14. Be3 Bd6
15. Ne2 Bc4 16. g3 Kf7 17. Kf2 a6 18. Rhd1 Rhe8 19. Rd4 Bb5 20. Rad1 h5 21. Rd5
g6 22. f5 Bc6 23. fxg6+ Kxg6 24. Rg5+ Kf7 25. Rxh5 Rh8 26. Rxh8 Rxh8 27. h4 Rf8
28. Bf4 Bxf4 29. Nxf4 Kf6 30. Ke3 Kf5 31. h5 Kg4 32. h6 Rh8 33. Rh1 Be8 34. h7
Kg5 35. Ne6+ Kg6 36. Nxc7 Bd7 37. Nd5 Kg7 38. Rh4 Be6 39. Kxe4 Rd8 40. h8=Q+
Rxh8 41. Rxh8 Kxh8 42. Ke5 Bh3 43. Kd6 Kg7 44. Kc7 Bg2 45. Ne7 Kf6 46. Nc8 Ke6
47. Nd6 b6 48. Nc8 b5 49. Kb6 Kd7 50. Na7 Bf1 51. Kxa6 Kc7 52. Ka5 Be2 53. Nxb5+
Kb7 54. Nd4 Bd3 55. g4 Ka7 56. g5 Kb7 57. Nf3 Be4 58. Ne5 Kc7 59. g6 Kd6 60. g7
Bd5 61. Ng6 Bf7 62. b5 Kc7 63. Ne7 Kb7 64. g8=Q Bxg8 65. Nxg8 1-0

[Event "Euro Online U2300 Day 1"]
[Site "chess.com INT"]
[Date "2020.05.25"]
[Round "5"]
[White "Krayz, Alexander"]
[Black "Khazhomia, Salome"]
[Result "1-0"]
[WhiteTitle "IM"]
[BlackTitle "WFM"]
[WhiteElo "2350"]
[BlackElo "2092"]
[WhiteFideId "2802066"]
[BlackFideId "13603230"]
[EventDate "2020.05.25"]

1. e4 e6 2. d4 d5 3. Nc3 Nf6 4. exd5 exd5 5. Bd3 Be7 6. h3 Nc6 7. Be3 Be6 8. a3
Qd7 9. Qf3 h6 10. Nge2 O-O-O 11. Ng3 g6 12. b4 Rdf8 13. O-O Ne8 14. b5 Na5 15.
Na4 f5 16. Bf4 b6 17. Be5 Bf6 18. c4 Bxe5 19. dxe5 Kb8 20. c5 Nb3 21. Rad1 d4
22. Qe2 Qd5 23. Qc2 bxc5 24. Nb2 Na5 25. Qa4 Nb7 26. f4 Ng7 27. Bc4 Qd7 28. Nd3
Bxc4 29. Qxc4 Qe6 30. Qa4 Qb6 31. Rc1 Ne6 32. Rfd1 g5 33. Nh5 gxf4 34. Nhxf4
Nxf4 35. Nxf4 Rhg8 36. Rd3 Rg5 37. Qc4 Rfg8 38. Rc2 Qa5 39. Rd1 Re8 40. Qf7 Reg8
41. Ne6 Nd8 42. Nxd8 Rxd8 43. Rxc5 d3 44. Kh2 Qb6 45. Rc6 Qa5 46. e6 Rgg8 47. e7
Rde8 48. Rxd3 Qa4 49. Qd5 Qf4+ 50. Kg1 Rxe7 51. Qxg8+ Kb7 52. Rd1 Qe3+ 53. Kh1
Qf2 54. Qd5 Re1+ 55. Rxe1 Qxe1+ 56. Kh2 1-0